• 首页
  • 本馆介绍
  • 公告通知
  • 最新文献
  • 馆藏检索
  • 电子资源
  • 读者导购
  • 参考咨询
  • 我的图书馆
  • 登录
  • 详细信息显示
  • 放入我的书架
  • 预约/预借图书
  • 作者相关作品
  • 分类相关作品
  • 丛书相关作品
  • 出版社相关作品

书目信息

  • 表格格式
  • 工作单格式
  • 卡片格式
题名:
21世纪中国西部地区的人口与开发
    
 
作者: 王桂新 著
分册:  
出版信息: 北京   科学出版社  2006
页数: 10,340页
开本: 24cm
丛书名:
单 册:
中图分类: C924.24 , F127.4
科图分类:
主题词: 人口--关系--经济发展--研究--西北地区--21世纪 , 人口--关系--经济发展--研究--西南地区--21世纪 , 人口 , 经济发展
电子资源:
ISBN: 7-03-017104-7
000 01086nam0 2200301 450
001 003185285
005 20070805080831.73
010    @a7-03-017104-7@dCNY40.00
035    @a003185285
100    @a20060529d2006 em y0chiy0110 ea
101 0  @achi
102    @aCN@b110000
105    @ay z 000yy
106    @ar
200 1  @a21世纪中国西部地区的人口与开发@A21 shi ji zhong guo xi bu di qu de ren kou yu kai fa@f王桂新等著@Fwang gui xin deng zhu
210    @a北京@c科学出版社@d2006
215    @a10,340页@d24cm
300    @a上海市马克思主义学术著作出版基金资助
330    @a本书突出人口视角,以开发为主线,多角度、全方位地考察了中国西部地区的人口态势和问题,对西部地区人口与经济社会发展、生态环境建设的相互关系及人口与开发战略等若干重大问题进行了剖析研究。
606 0  @a人口@x关系@x经济发展@x研究@y西北地区@z21世纪
606 0  @a人口@x关系@x经济发展@x研究@y西南地区@z21世纪
606 0  @a人口
606 0  @a经济发展
690    @aC924.24@v4
690    @aF127.4@v4
701  0 @a王桂新@Awang gui xin@f(1953~)@4著
801  0 @aCN@bNLC@c20070805
905    @dC924.24@e71@f5
    
    21世纪中国西部地区的人口与开发/王桂新等著.-北京:科学出版社,2006
    10,340页;24cm
    上海市马克思主义学术著作出版基金资助
    
    ISBN 7-03-017104-7:CNY40.00
    本书突出人口视角,以开发为主线,多角度、全方位地考察了中国西部地区的人口态势和问题,对西部地区人口与经济社会发展、生态环境建设的相互关系及人口与开发战略等若干重大问题进行了剖析研究。
●
相关链接 在E读中查询图书 在五车中查询图书 在当当中查询图书 在豆瓣中查询图书


正题名:21世纪中国西部地区的人口与开发     索取号:C924.24/71         预约/预借

序号 登录号 条形码 馆藏地/架位号 状态 备注
1 0851541   208515418   第一样本阅览室/ [索取号:C924.24/71] 在馆    
2 0851542   208515427   第一借阅区/ [索取号:C924.24/71] 在馆    
3 0851543   208515436   第一借阅区/ [索取号:C924.24/71] 在馆    
4 0851544   208515445   第一借阅区/ [索取号:C924.24/71] 在馆    
5 0851545   208515454   第一借阅区/ [索取号:C924.24/71] 在馆    
唐山师范学院图书馆 欢迎您!
大连网信软件有限公司© 版权所有